01006nam a2200265Ia 4500001001200000003000800012006001900020007001500039008004100054020001500095040002100110035002000131050002300151245005200174246002200226260005700248300001900305500002000324533015200344650003400496650003800530655002900568710001700597856012600614ebr10082396CaPaEBRm u cr cn|||||||||050124s2005 maua gs 001 0 eng d z159200864X aCaPaEBRcCaPaEBR a(OCoLC)8503581914aMT220b.M37 2005eb00aMaran illustrated pianoh[electronic resource].3 aIllustrated piano aBoston, MA :bThomson Course Technology PTR,cc2005. a298 p. :bill. aIncludes index. aElectronic reproduction.bPalo Alto, Calif. :cebrary,d2009.nAvailable via World Wide Web.nAccess may be limited to ebrary affiliated libraries. 0aPianoxInstruction and study. 0aPianovMethodsvSelf-instruction. 7aElectronic books.2local2 aebrary, Inc.40uhttp://site.ebrary.com/lib/rucke/Doc?id=10082396zAn electronic book accessible through the World Wide Web; click to view